Most Populous US States By Decade (2030-2100) - Statistics

General Stats
  • This quiz has been taken 82 times
  • The average score is 77 of 80
Answer Stats
Year Rank Population Answer % Correct
2030 1. 39,691,669 California
100%
2040 1. 40,109,788 California
100%
2. 40,520,598 California
100%
2. 40,935,793 California
100%
2. 41,360,491 California
100%
2. 41,780,072 California
100%
2. 42,200,385 California
100%
2. 42,630,543 California
100%
3. 25,865,013 Florida
100%
3. 28,866,425 Florida
100%
3. 30,874,886 Florida
100%
3. 31,656,665 Florida
100%
3. 31,696,964 Florida
100%
3. 31,655,178 Florida
100%
3. 31,262,062 Florida
100%
3. 30,810,481 Florida
100%
4. 20,603,549 New York
100%
4. 21,657,656 New York
100%
4. 22,486,513 New York
100%
4. 23,222,943 New York
100%
4. 23,976,228 New York
100%
4. 24,720,436 New York
100%
4. 25,465,942 New York
100%
4. 26,228,911 New York
100%
2. 34,204,901 Texas
100%
2. 38,843,078 Texas
100%
2050 1. 41,409,585 Texas
100%
2060 1. 43,951,649 Texas
100%
2070 1. 45,152,577 Texas
100%
2080 1. 45,680,753 Texas
100%
2090 1. 46,209,848 Texas
100%
2100 1. 46,751,339 Texas
100%
6. 12,833,812 Illinois
97%
7. 12,913,803 Illinois
97%
9. 12,831,516 Illinois
97%
9. 13,065,456 Illinois
97%
9. 13,309,762 Illinois
97%
10. 13,551,124 Illinois
97%
10. 14,064,164 Illinois
97%
9. 11,696,243 North Carolina
96%
8. 12,694,386 North Carolina
96%
7. 13,579,891 North Carolina
96%
7. 14,423,897 North Carolina
96%
7. 15,287,221 North Carolina
96%
7. 16,140,143 North Carolina
96%
7. 16,994,551 North Carolina
96%
7. 17,868,975 North Carolina
96%
10. 14,829,524 Michigan
94%
7. 12,119,824 Ohio
94%
9. 12,401,481 Ohio
94%
10. 12,537,743 Ohio
94%
10. 12,610,347 Ohio
94%
10. 12,976,086 Ohio
94%
9. 13,837,661 Ohio
94%
9. 14,909,626 Ohio
94%
8. 16,006,703 Ohio
94%
5. 13,477,366 Pennsylvania
93%
5. 14,023,985 Pennsylvania
93%
5. 14,417,816 Pennsylvania
93%
6. 14,776,891 Pennsylvania
93%
6. 15,517,435 Pennsylvania
93%
6. 16,344,992 Pennsylvania
93%
6. 17,277,582 Pennsylvania
93%
6. 18,232,018 Pennsylvania
93%
8. 11,871,452 Georgia
90%
6. 12,937,803 Georgia
90%
6. 13,890,717 Georgia
90%
5. 14,803,517 Georgia
90%
5. 15,737,209 Georgia
90%
5. 16,659,652 Georgia
90%
5. 17,583,701 Georgia
90%
5. 18,529,398 Georgia
90%
10. 10,437,665 New Jersey
89%
10. 11,942,160 New Jersey
89%
8. 13,369,503 New Jersey
89%
8. 13,802,607 New Jersey
89%
8. 14,233,095 New Jersey
89%
8. 14,658,396 New Jersey
89%
8. 15,084,438 New Jersey
89%
9. 15,520,460 New Jersey
89%
No matching quizzes found
Score Distribution
Percent of People with Each Score
Percentile by Number Answered
Your Score History
You have not taken this quiz